Города-миллионеры России - Statistics

General Stats
  • This quiz has been taken 814 times
  • The average score is 12 of 16
Answer Stats
Население Города % Correct
13,098,000 Москва
100%
5,598,000 Санкт-Петербург
100%
1,539,000 Екатеринбург
87%
1,315,000 Казань
87%
1,635,000 Новосибирск
86%
1,121,000 Краснодар
82%
1,213,000 Нижний Новгород
78%
1,164,000 Самара
74%
1,111,000 Омск
74%
1,136,000 Ростов-на-Дону
73%
1,197,000 Красноярск
71%
1,158,000 Уфа
71%
1,026,000 Волгоград
68%
1,183,000 Челябинск
66%
1,052,000 Воронеж
66%
1,027,000 Пермь
61%
No matching quizzes found
Score Distribution
Percent of People with Each Score
Percentile by Number Answered
Your Score History
You have not taken this quiz